TV Theme Billboard Hits Quiz Stats

 Plays Quiz Updated Sep 18, 2017

Challenge
Share
Tweet
Embed
Score 0/24 Timer 06:00
0 Plays Today
Song Info Song/Show % Correct
#92 - 2006- Title CharacterBest of Both Worlds
94.2%
#17 - 1995- The RembrandtsI'll Be There For You
88.9%
#83 - 1983- Gary PortnoyWhere Everybody Knows Your Name
79.3%
#35- 1976- Neil HeftiBatman Theme
75.7%
#25 - 1982- Mike PostTheme from Magnum P.I.
69.9%
#1 - 1985- Jan HammerMiami Vice Theme
65.2%
#23 - 1987- Al JarreauMoonlighting
61.7%
#43 - 1972- Lee AdamsThose Were the Days
59.9%
#25 - 1976- Cyndi GrecoMaking Our Dreams Come True
57.6%
#52 - 1982- Bill ContiTheme from Dynasty
53.9%
#1 - 1976- John SebastianWelcome Back
51.1%
#21 - 1980- Waylon JenningsTheme from The Dukes of Hazzard
48.9%
Song Info Song/Show % Correct
#4 - 1969- The VenturesTheme from Hawaii 5-0
47%
#10 - 1975- Mike PostTheme from the Rockford Files
44.2%
#65 - 1981- Steve CarlisleWKRP in Cincinnati
42.9%
#16 - 1996- BodeansCloser to Free
42.5%
#41 - 1967- Lalo SchifrinTheme from Mission Impossible
38.8%
#10 - 1981- Mike PostTheme from Hill Street Blues
37.3%
#2 - 1981- Joey ScarburyTheme from Greatest American Hero
33.7%
#8 - 1993- Inner CircleBad Boys
19.6%
#1 - 1992- The HeightsHow Do You Talk To An Angel
16.1%
#1 - 1976- Rhythm HeritageTheme from S.W.A.T.
11.6%
#5 - 1979- David NaughtonMakin' It
9.6%
#8 - 1959- Ray AnthonyPeter Gunn
9%

You're not logged in!

Compare scores with friends on all Sporcle quizzes.
Join for Free
OR
Log In

You Might Also Like...

Show Comments

Extras

Top Quizzes Today


Score Distribution

Your Account Isn't Verified!

In order to create a playlist on Sporcle, you need to verify the email address you used during registration. Go to your Sporcle Settings to finish the process.

Report this User

Report this user for behavior that violates our Community Guidelines.

Details: